Online
Catalog

Un siglo despúes de Darwin : (Record no. 35693)

MARC details
000 -CABECERA
campo de control de longitud fija 00639nam a2200193 a 4500
001 - NÚMERO DE CONTROL
campo de control 000036202
005 - FECHA Y HORA DE LA ÚLTIMA TRANSACCIÓN
campo de control 20200930074942.0
008 - DATOS DE LONGITUD FIJA--INFORMACIÓN GENERAL
campo de control de longitud fija 120111s1966 sp a 000 0 spa d
082 ## - NÚMERO DE LA CLASIFICACIÓN DECIMAL DEWEY
Número de clasificación xxx
Número de documento/Ítem B261s
040 ## - FUENTE DE LA CATALOGACIÓN
Centro catalogador/agencia de origen DO-SdBNP
100 1# - ENTRADA PRINCIPAL--NOMBRE DE PERSONA
Nombre de persona Barnett, S. A.
9 (RLIN) 62261
245 13 - MENCIÓN DE TÍTULO
Título Un siglo despúes de Darwin :
Resto del título la evolución /
Mención de responsabilidad, etc. S.A. Barnett y otros ; traducido por Faustino Cordón.
260 ## - PUBLICACIÓN, DISTRIBUCIÓN, ETC.
Lugar de publicación, distribución, etc. Madrid :
Nombre del editor, distribuidor, etc. Alianza Editorial,
Fecha de publicación, distribución, etc. 1966.
300 ## - DESCRIPCIÓN FÍSICA
Extensión 2 v. :
Otras características físicas il. ;
Dimensiones 18 cm.
490 ## - MENCIÓN DE SERIE
Mención de serie El libro de bolsillo
500 ## - NOTA GENERAL
Nota general Incluye notas al pie de las páginas.
700 1# - PUNTO DE ACCESO ADICIONAL--NOMBRE DE PERSONA
Nombre de persona Cordón, Faustino,
Término indicativo de función/relación tr.
9 (RLIN) 62262
830 #3 - PUNTO DE ACCESO ADICIONAL DE SERIE-TÍTULO UNIFORME
Título uniforme El libro de bolsillo
9 (RLIN) 4072
Holdings
Estado de retiro Estado de pérdida Restricciones de uso No para préstamo Código de colección Localización permanente Ubicación/localización actual Ubicación en estantería Fecha de adquisición Número de inventario Total de préstamos Signatura topográfica completa Código de barras Fecha visto por última vez Precio válido a partir de Tipo de ítem Koha
        Monografías: Libros y Folletos General General En catalogación 11.01.2012 LF1   xxx B261s 36202-10 25.06.2020 25.06.2020 Préstamo en sala

Powered by Koha